000 00504nam a2200181Ia 4500
005 20250508152211.0
008 008 250505s9999 xx 000 0 eng d
037 _aTextual
040 _aFEDL
_beng
_cFEDL
041 _aeng
_2eng
084 _a372.4, GOL
_qFEDL
100 _aGoldenson Robert M
245 0 _aHelping your child to read better
260 _aNew York, USA
_bThomas Y Crowell Company
_c1957
300 _a312p.
942 _cTEXL
_h372.4, GOL
999 _c1334918
_d1334918